100 Artistes - Statistiques

Statistiques générales
  • Ce quiz a été pris 68 fois
  • Le résultat moyen est 63 sur 100
Statistiques - réponses
Par images Réponse % Correct
Stromae
100%
Louanne
97%
Celine Dion
94%
Taylor Swift
94%
Beyonce
92%
Bigflo et Oli
92%
Gims
92%
Adele
90%
Aya Nakamura
89%
Daft Punk
89%
Elvis Presley
89%
Justin Bieber
89%
Michael Jackson
89%
Rihanna
89%
Ariana Grande
87%
Bruno Mars
87%
Patrick Bruel
87%
Vianney
87%
Angèle
86%
Johnny Hallyday
86%
Jul
86%
Lady Gaga
86%
Pascal Obispo
86%
Amel Bent
84%
Beatles
84%
Edith Piaf
84%
Orelsan
84%
Ed Sheeran
83%
Jenifer
83%
Christophe Mae
81%
Billie Eilish
79%
Drake
79%
Kendji Girac
79%
M Pokora
79%
Queen
79%
Shakira
79%
Mylène Farmer
78%
One Direction
78%
Sabrina Carpenter
78%
Nicki Minaj
76%
Jean-Jacques Goldman
75%
Britney Spears
73%
Madonna
73%
Selena Gomez
73%
Damso
71%
Dua Lipa
71%
Indochine
71%
Pierre Garnier
71%
The Weeknd
71%
Lara Fabian
70%
Harry Styles
68%
Christophe Willem
67%
Bad Bunny
65%
Theodora
65%
Coldplay
63%
Katy Perry
63%
Blackpink
62%
Mariah Carey
62%
Camila Cabello
60%
Helena
59%
Olivia Rodrigo
59%
McSolaar
57%
Lana Del Rey
54%
Maroon 5
54%
Whitney Houston
54%
Zayn
54%
Imagine Dragons
52%
Jonas Brothers
51%
Frank Sinatra
49%
Maneskin
49%
Charlie Puth
48%
David Bowie
44%
Zara Larsson
44%
Rosalia
43%
Dove Cameron
41%
Tate McRae
41%
Shawn Mendes
40%
Wham
40%
Doja Cat
35%
Katseye
35%
Madison Beer
35%
Djo
33%
Benson Boone
32%
Chappell Roan
32%
Liam Payne
32%
Raye
32%
Sza
32%
Tyla
32%
Alicia Keys
30%
Niall Horan
30%
Louis Tomlinson
29%
Meghan Trainor
29%
Sombr
27%
Alex Warren
25%
Charli XCX
25%
Olivia Dean
19%
Troye Sivan
19%
Conan Gray
17%
Gracie Abrams
17%
Joshua Bassett
10%
Aucun quiz correspondant
Distribution des résultats
% des personnes avec chaque résultat
Percentile par nombre de réponses
Votre historique - résultats
Vous n’avez pas pris ce quiz